000 00641nam a2200241Ia 4500
003 OSt
005 20221007110604.0
006 a|||||r|||| 00| 0
007 ta
008 221006b |||||||| |||| 00| 0 eng d
024 _a21,383
037 _cTextual
040 _aLCO
_cLCO
_beng
041 _2eng
_aeng
082 _aY:45, L2
100 _aUllyett Kenneth
_9135141
245 0 _aCriminology
_b Science of Crime Detection
260 _aLondon
_bFranklin Watts U.K.
_c1972
300 _a137
650 _aCRIME DETECTION
_9707669
942 _hY:45, L2
_cTEXL
999 _c1190946
_d1190946